Countries with Border Conflicts - Statistics

General Stats
  • This quiz has been taken 271 times
  • The average score is 11 of 12
Answer Stats
When Country With which country % Correct
2014-Ongoing Russia Ukraine
99%
2001-2001 India Bangladesh
98%
2008-2008 Russia Georgia
93%
2012-2014 Syria Turkey
91%
2008-2012 Cambodia Thailand
90%
2010-2010 Nicaragua Costa Rica
89%
2017-2017 China/India Bhutan
88%
2011-2011 Tunisia Libya
86%
2016-2016 Belize Guatemala
83%
2017-2017 Pakistan Afghanistan
83%
2002-2002 Morocco Spain
82%
2008-2008 Eritrea Djibouti
81%
No matching quizzes found
Score Distribution
Percent of People with Each Score
Percentile by Number Answered
Your Score History
You have not taken this quiz